test aléatoire culture générale - Statistiques

Statistiques générales
  • Ce quiz a été pris 243 fois
  • Le résultat moyen est 5 sur 15
Statistiques - réponses
Question Réponse % Correct
Combien il y a-t-il d'étoiles sur le drapeau américain? 50
78%
Combien de langues différentes sont parlées dans le monde entier? 7000
78%
Quelle est la personne ayant la plus grande fortune? bernard arnault
56%
Quel est le taux de fécondité en france? 1,8
44%
Quel est l'animal domestique préféré des français? chat
44%
quel est le livre le plus traduit (hors religion)? petit prince
44%
Quelle est la marque de voiture la plus achetée en france ? peugeot
44%
Quel pays étranger d'Europe est le préféré des français? italie
33%
Combien de litres de coca sont vendus en 1 seconde? 10000
22%
A quel date le premier cas de covid a été envoyé à l'hôpital? 11 novembre
22%
Quel pays est le plus peuplé? chine
22%
Quel était le président en 1975 de la France? VGE
22%
Quel est la taille moyenne d'un homme en France? 1,79
11%
Quel est le salaire moyen des français par an? 40000
11%
Quel film a couté le plus cher à réaliser? avangers infinity war
0%
Aucun quiz correspondant
Distribution des résultats
% des personnes avec chaque résultat
Percentile par nombre de réponses
Votre historique - résultats
Vous n’avez pas pris ce quiz